000 00714nam a2200253Ia 4500
003 OSt
005 20221006143841.0
006 a|||||r|||| 00| 0
007 ta
008 221006b |||||||| |||| 00| 0 eng d
020 _c563.50
024 _a10,181
037 _cTextual
040 _aEASL
_cEASL
_beng
041 _2eng
_aeng
082 _aWx M91, M0
100 _aADAMSON Walter L
_9111333
245 0 _aHegemony and revolution
_b A study of Antonio Gramsci's political and cultural theory
260 _aBerkeley
_bUniversity of California Press
_c1980
300 _a304p.
_ccm.
490 _v Oth
942 _hWx M91, M0
_cTEXL
_2CC
999 _c1078267
_d1078267